Gaming Quiz

Random Gaming Quiz
Score 0/208 Timer 20:00
0 Plays Today
Fighter Move Name % Correct
MarioShocking Cape
100%
MarioGust Cape
100%
LuigiIceball
100%
MarioFire Orb
83.3%
MarioScalding F.L.U.D.D.
83.3%
MarioHigh-Pressure F.L.U.D.D.
83.3%
LuigiBouncing Fireball
83.3%
PeachGrumpy Toad
83.3%
YoshiLick
83.3%
YoshiHeavy Egg Roll
83.3%
YoshiLight Egg Roll
83.3%
Rosalina & LumaLuma Warp
83.3%
WarioGarlic Breath
83.3%
Mr. Game & WatchXXL Chef
83.3%
Donkey KongJumping Headbutt
83.3%
Diddy KongBack Flip
83.3%
ZeldaNayru's Rejection
83.3%
SheikParalyzing Needle
83.3%
GanondorfWarlock Blade
83.3%
PalutenaExplosive Flame
83.3%
PalutenaHeavenly Light
83.3%
PalutenaAngelic Missile
83.3%
PalutenaSuper Speed
83.3%
RobinThunder+
83.3%
KirbyIce Breath
83.3%
KirbyJumping Inhale
83.3%
MarioFast Fireball
66.7%
MarioSuper Jump
66.7%
LuigiQuick Missile
66.7%
LuigiClothesline Cyclone
66.7%
PeachSleepy Toad
66.7%
PeachLight Veggie
66.7%
PeachHeavy Veggie
66.7%
BowserFire Roar
66.7%
YoshiEgg Launch
66.7%
Rosalina & LumaPower Luma Shot
66.7%
Rosalina & LumaFloaty Star Bit
66.7%
Rosalina & LumaShooting Star Bit
66.7%
Rosalina & LumaGuardian Luma
66.7%
Bowser Jr.Piercing Cannon
66.7%
Bowser Jr.Grounding Dash
66.7%
WarioInhaling Chomp
66.7%
WarioBurying Bike
66.7%
WarioRose-Scented Waft
66.7%
Mr. Game & WatchChain Judge
66.7%
Mr. Game & WatchShort-Order Chef
66.7%
Mr. Game & WatchExtreme Judge
66.7%
Donkey KongStubborn Headbutt
66.7%
Donkey KongHot Slap
66.7%
Diddy KongJumbo Peanuts
66.7%
Diddy KongFlying Monkey Flip
66.7%
Diddy KongShocking Banana Peel
66.7%
LinkPower Bow
66.7%
LinkQuickfire Bow
66.7%
LinkBoomerang
66.7%
LinkRipping Boomerang
66.7%
ZeldaDin's Blaze
66.7%
SheikPenetrating Needles
66.7%
SheikGravity Grenade
66.7%
SheikSkimming Grenade
66.7%
SheikPisces
66.7%
GanondorfWarlock Thrust
66.7%
Toon LinkFire Bow
66.7%
Toon LinkQuickfire Bow
66.7%
SamusDense Charge Shot
66.7%
SamusMelee Charge Shot
66.7%
PitGuiding Bow
66.7%
PitInterception Arm
66.7%
PitStriking Flight
66.7%
PalutenaJump Glide
66.7%
Fighter Move Name % Correct
PalutenaRocket Jump
66.7%
PalutenaLightweight
66.7%
PalutenaCelestial Firework
66.7%
MarthHeavy Blade
66.7%
MarthIai Counter
66.7%
IkeFurious Eruption
66.7%
RobinSpeed Thunder
66.7%
RobinArcfire+
66.7%
RobinDistant Nosferatu
66.7%
King DededeTaste Test
66.7%
King DededeBouncing Gordo
66.7%
Meta KnightDreadful Tornado
66.7%
MarioExplosive Punch
50%
LuigiFloating Missile
50%
LuigiBurial Header
50%
PeachFlower Bomber
50%
PeachFlying Peach Bomber
50%
PeachLight Parasol
50%
BowserFire Shot
50%
BowserDash Slam
50%
BowserDash Slash
50%
BowserSlip Bomb
50%
YoshiHigh Jump
50%
YoshiTimed Egg Throw
50%
YoshiStar Bomb
50%
Rosalina & LumaLaunch Star Attack
50%
Rosalina & LumaCatch & Release
50%
Bowser Jr.Air Cannon
50%
Bowser Jr.Koopa Drift
50%
Bowser Jr.Meteor Ejection
50%
Bowser Jr.Koopa Meteor
50%
Bowser Jr.Impatient Mechakoopa
50%
Bowser Jr.Big Mechakoopa
50%
WarioSpeeding Bike
50%
WarioQuick Waft
50%
Mr. Game & WatchPanic Overload
50%
Donkey KongStorm Punch
50%
Donkey KongLightning Punch
50%
Diddy KongExploding Popgun
50%
Diddy KongBattering Banana Peel
50%
LinkWhirling Leap
50%
LinkGiant Bomb
50%
LinkMeteor Bomb
50%
ZeldaNayru's Passion
50%
ZeldaDin's Flare
50%
ZeldaFarore's Squall
50%
ZeldaPhantom Strike
50%
SheikGale
50%
SheikAbyss
50%
SheikJellyfish
50%
GanondorfFlame Wave
50%
GanondorfFlame Chain
50%
GanondorfWizard's Dropkick
50%
Toon LinkFloating Boomerang
50%
Toon LinkHigh-Speed Boomerang
50%
Toon LinkSliding Spin Attack
50%
Toon LinkTime Bomb
50%
SamusRelentless Missile
50%
SamusTurbo Missile
50%
SamusApex Screw Attack
50%
SamusSlip Bomb
50%
Zero Suit SamusBlast Shot
50%
Zero Suit SamusElectromagnetic Net
50%
Zero Suit SamusPlasma Dash
50%
Zero Suit SamusWhip Lash
50%
PitPiercing Bow
50%
PitQuickdash Arm
50%
PitBreezy Flight
50%
PitImpact Orbitars
50%
PitAmplifying Orbitars
50%
Fighter Move Name % Correct
MarthStorm Thrust
50%
MarthDashing Assault
50%
MarthEffortless Blade
50%
MarthDolphin Jump
50%
IkeTempest
50%
IkeClose Combat
50%
IkeUnyielding Blade
50%
IkeParalyzing Counter
50%
IkeSmash Counter
50%
RobinSoaring Elwind
50%
RobinGliding Elwind
50%
RobinGoetia
50%
KirbyHammer Bash
50%
KirbyGiant Hammer
50%
KirbyUpper Cutter
50%
KirbyMeteor Stone
50%
King DededeDedede Storm
50%
Meta KnightEntangling Tornado
50%
LuigiFiery Jump Punch
33.3%
LuigiMach Cyclone
33.3%
PeachParasol High Jump
33.3%
BowserFlying Fortress
33.3%
BowserSliding Fortress
33.3%
BowserTurbulent Bomb
33.3%
YoshiCrushing Bomb
33.3%
Rosalina & LumaLaunch Star Plus
33.3%
WarioWidescrew
33.3%
WarioCorkscrew Leap
33.3%
Mr. Game & WatchHeavy Trampoline
33.3%
Mr. Game & WatchTrampoline Launch
33.3%
Mr. Game & WatchEfficient Panic
33.3%
Donkey KongChopper Kong
33.3%
Donkey KongKong Cyclone
33.3%
Donkey KongFocused Slap
33.3%
Diddy KongRocketbarrel Attack
33.3%
Diddy KongRocketbarrel Kaboom
33.3%
LinkShocking Spin
33.3%
ZeldaFarore's Windfall
33.3%
ZeldaPhantom Breaker
33.3%
GanondorfDark Fists
33.3%
GanondorfDark Vault
33.3%
GanondorfWizard's Assault
33.3%
Toon LinkFlying Spin Attack
33.3%
Toon LinkShort-Fused Bomb
33.3%
SamusScrew Rush
33.3%
SamusMega Bomb
33.3%
Zero Suit SamusImpact Kick
33.3%
Zero Suit SamusLateral Kick
33.3%
Zero Suit SamusShooting Star Flip Kick
33.3%
Zero Suit SamusLow Kick
33.3%
MarthCrescent Slash
33.3%
MarthEasy Counter
33.3%
IkeAether Drive
33.3%
IkeAether Wave
33.3%
RobinFire Wall
33.3%
KirbyWave Cutter
33.3%
KirbyGrounding Stone
33.3%
King DededeTopspin Gordo
33.3%
King DededeRising Dedede
33.3%
King DededeQuick Dedede Jump
33.3%
King DededeArmored Jet Hammer
33.3%
King DededeDash Jet Hammer
33.3%
Meta KnightHigh-Speed Drill
33.3%
Meta KnightShieldbreaker Drill
33.3%
Meta KnightBlade Coaster
33.3%
Meta KnightLazy Shuttle Loop
33.3%
Meta KnightShield Piercer
33.3%
Meta KnightStealth Smasher
33.3%

You're not logged in!

Compare scores with friends on all Sporcle quizzes.
OR
Log In

Sporcle TV

Today on Sporcle TV


Watch our educational content, quiz creation guides, and fun videos on Sporcle TV.

Show Comments

Extras

Created Jul 2, 2019ReportNominate
Tags:Super Smash Bros

Top Quizzes Today


Score Distribution

Paid Content

Your Account Isn't Verified!

In order to create a playlist on Sporcle, you need to verify the email address you used during registration. Go to your Sporcle Settings to finish the process.

Report this User

Report this user for behavior that violates our Community Guidelines.

Details: